<?xml version="1.0" encoding="UTF-8"?>
<collection xmlns="http://www.loc.gov/MARC21/slim">
 <record>
  <leader>02149nam a2200325 a 4500</leader>
  <controlfield tag="001">1/47640</controlfield>
  <controlfield tag="008">180124s2017    gr       b    000 0 gre  </controlfield>
  <datafield tag="020" ind1=" " ind2=" ">
   <subfield code="a">9786185066833</subfield>
  </datafield>
  <datafield tag="035" ind1=" " ind2=" ">
   <subfield code="l">50629</subfield>
  </datafield>
  <datafield tag="040" ind1=" " ind2=" ">
   <subfield code="a">GR-PeUP</subfield>
  </datafield>
  <datafield tag="082" ind1="0" ind2="0">
   <subfield code="a">515 ΦΙΛ</subfield>
  </datafield>
  <datafield tag="100" ind1="1" ind2=" ">
   <subfield code="a">Φιλιππάκης, Μιχαήλ Ε.</subfield>
  </datafield>
  <datafield tag="245" ind1="1" ind2="0">
   <subfield code="a">Εφαρμοσμένη ανάλυση και θεωρία Fourier, τόμος Β /</subfield>
   <subfield code="c">Μιχαήλ Ε. Φιλιππάκης.</subfield>
  </datafield>
  <datafield tag="250" ind1=" " ind2=" ">
   <subfield code="a">2η έκδοση.</subfield>
  </datafield>
  <datafield tag="260" ind1=" " ind2=" ">
   <subfield code="a">Αθήνα :</subfield>
   <subfield code="b">Τσότρας,</subfield>
   <subfield code="c">2017.</subfield>
  </datafield>
  <datafield tag="300" ind1=" " ind2=" ">
   <subfield code="a">944 σ. :</subfield>
   <subfield code="b">διαγρ. ;</subfield>
   <subfield code="c">30 εκ.</subfield>
  </datafield>
  <datafield tag="500" ind1=" " ind2=" ">
   <subfield code="a">Περιεχόμενα: Γενικευμένα ολοκληρώματα, Μετασχηματισμός Laplace, Διανυσματική ανάλυση και θεωρία καμπυλών, Συναρτήσεις πολλών μεταβλητών, διπλό-τριπλό ολοκλήρωμα και εφαρμογές, Επικαμπύλια-επιφανειακά ολοκληρώματα, Ακολουθίες και σειρές συναρτήσεων, Θεωρία και ανάλυση Fourier.</subfield>
  </datafield>
  <datafield tag="504" ind1=" " ind2=" ">
   <subfield code="a">Περιέχει βιβλιογραφία.</subfield>
  </datafield>
  <datafield tag="650" ind1=" " ind2="4">
   <subfield code="a">Ολοκληρώματα.</subfield>
  </datafield>
  <datafield tag="650" ind1=" " ind2="4">
   <subfield code="a">Συναρτήσεις</subfield>
   <subfield code="x">Μελέτη και διδασκαλία (Ανώτατη).</subfield>
  </datafield>
  <datafield tag="650" ind1=" " ind2="4">
   <subfield code="a">Fourier analysis.</subfield>
  </datafield>
  <datafield tag="650" ind1=" " ind2="4">
   <subfield code="a">Διαφορικές εξισώσεις.</subfield>
  </datafield>
  <datafield tag="650" ind1=" " ind2="4">
   <subfield code="a">Μεταβλητές (Μαθηματικά)</subfield>
   <subfield code="x">Σπουδή και διδασκαλία (Ανώτατη).</subfield>
  </datafield>
  <datafield tag="650" ind1=" " ind2="4">
   <subfield code="a">Λογισμός.</subfield>
  </datafield>
  <datafield tag="650" ind1=" " ind2="4">
   <subfield code="a">Calculus</subfield>
   <subfield code="x">Study and teaching.</subfield>
  </datafield>
  <datafield tag="650" ind1=" " ind2="4">
   <subfield code="a">Mathematical analysis</subfield>
   <subfield code="x">Study and teaching.</subfield>
  </datafield>
  <datafield tag="852" ind1=" " ind2=" ">
   <subfield code="a">INST</subfield>
   <subfield code="b">UNIPILB</subfield>
   <subfield code="c">EUDOXOS</subfield>
   <subfield code="e">20180124</subfield>
   <subfield code="h">515 ΦΙΛ</subfield>
   <subfield code="p">00178946</subfield>
   <subfield code="q">00178946</subfield>
   <subfield code="t">EUDOX</subfield>
   <subfield code="v">τ.2:</subfield>
   <subfield code="y">4</subfield>
   <subfield code="x">20230407</subfield>
   <subfield code="z">τ.2</subfield>
   <subfield code="4">1</subfield>
  </datafield>
  <datafield tag="852" ind1=" " ind2=" ">
   <subfield code="a">INST</subfield>
   <subfield code="b">UNIPILB</subfield>
   <subfield code="c">EUDOXOS</subfield>
   <subfield code="e">20180125</subfield>
   <subfield code="h">515 ΦΙΛ</subfield>
   <subfield code="p">00178947</subfield>
   <subfield code="q">00178947</subfield>
   <subfield code="t">EUDOX</subfield>
   <subfield code="v">τ.2:</subfield>
   <subfield code="y">4</subfield>
   <subfield code="x">20180418</subfield>
   <subfield code="z">τ.2</subfield>
   <subfield code="4">4</subfield>
  </datafield>
  <datafield tag="852" ind1=" " ind2=" ">
   <subfield code="a">INST</subfield>
   <subfield code="b">UNIPILB</subfield>
   <subfield code="c">EUDOXOS</subfield>
   <subfield code="e">20180125</subfield>
   <subfield code="h">515 ΦΙΛ</subfield>
   <subfield code="p">00178948</subfield>
   <subfield code="q">00178948</subfield>
   <subfield code="t">EUDOX</subfield>
   <subfield code="v">τ.2:</subfield>
   <subfield code="y">0</subfield>
   <subfield code="z">τ.2</subfield>
   <subfield code="4">2</subfield>
  </datafield>
  <datafield tag="852" ind1=" " ind2=" ">
   <subfield code="a">INST</subfield>
   <subfield code="b">UNIPILB</subfield>
   <subfield code="c">EUDOXOS</subfield>
   <subfield code="e">20180125</subfield>
   <subfield code="h">515 ΦΙΛ</subfield>
   <subfield code="p">00178949</subfield>
   <subfield code="q">00178949</subfield>
   <subfield code="t">EUDOX</subfield>
   <subfield code="v">τ.2:</subfield>
   <subfield code="y">23</subfield>
   <subfield code="z">τ.2</subfield>
   <subfield code="4">3</subfield>
  </datafield>
 </record>
</collection>
